Quizzes
Events
Quiz Creation
Community
Videos
Private Events
Remove Ads
Sign In
Join for FREE
Feedback
Dark Mode
Quiz Categories
Sports
Geography
Music
Movies
Television
Just For Fun
Miscellaneous
History
Literature
Language
Science
Gaming
Entertainment
Religion
Holiday
For Kids
Quiz Lab
Recent
Popular Today
Quiz Kudos Today
Editor Picks
Curator Picks
Quizzes by...
Day
Popularity
Type
Ratings
Length
Year
Community
Subscriptions
Recent Discussions
Orange Saloon
Badges
Playlists
Quests
Create
Leaderboards
Showdown
Live 5
Trivia Bingo
Activity
Puzzle Library
Sporcle Events
Private Events
Virtual Trivia
Globe League
Become a Host
Pub Owners
SporcleCon
Opinionation
Our Games
Videos
Blog
Mobile Apps
Partnerships
Remove Ads and Go Orange
Feedback
Sports
Athletes
MLB
NBA
NHL
NFL
Soccer
Sports Teams
WWE
NCAA
Football
Premier League
Basketball
Baseball
Hockey
Golf
Tennis
Cricket
Rugby
Auto Racing
Olympics
World Cup
Sports
Athletes
MLB
NBA
NHL
NFL
Soccer
Sports Teams
WWE
NCAA
Football
Premier League
Basketball
Baseball
Hockey
Golf
Tennis
Cricket
Rugby
Auto Racing
Olympics
World Cup
Random Quiz
Search Sporcle
×
Quiz Lab
Quiz Lab
Sports
Country
Type in answers that appear in a list
Type in answers that appear in a list
Classic
Best Score? Go Orange.
Top Test Runscorers Stats
Can you name the Top Test Runscorers?
By
ateweston85
20m
84 Questions
60 Plays
60 Plays
60 Plays
Comments
Comments
Give Quiz Kudos
Give Quiz Kudos
-
- Ratings
hide this ad
More Info
Replay
Link that replays current quiz
Next Quiz
Link to next quiz in quiz playlist
You Got
0%
They Got
Avg Score
71%
Avg Friend Score
Upgrade to see
Score Distribution
Jump to the score distribution portion of the page
Score
0/84
Timer
20:00
0
Plays Today
Country
% Correct
Australia
Ricky Ponting
100%
India
Sachin Tendulkar
98.3%
West Indies/
ICC
Brian Lara
96.6%
South Africa/
ICC
Jacques Kallis
94.8%
India/
ICC
Rahul Dravid
93.1%
West Indies
Shivnarine Chanderpaul
93.1%
Sri Lanka
Kumar Sangakkara
93.1%
South Africa/
ICC
Graeme Smith
93.1%
Australia
Steve Waugh
91.4%
Sri Lanka
Mahela Jayawardene
91.4%
Australia
Mark Waugh
91.4%
West Indies
Viv Richards
89.7%
England
Alastair Cook
89.7%
Australia
Allan Border
87.9%
England
Graham Gooch
87.9%
Australia
Matthew Hayden
87.9%
England
Andrew Strauss
87.9%
England
David Gower
86.2%
England
Geoffrey Boycott
86.2%
England
Kevin Pietersen
86.2%
Pakistan
Younis Khan
86.2%
India
VVS Laxman
84.5%
Australia
Justin Langer
84.5%
Australia
Mark Taylor
84.5%
India
Sunil Gavaskar
82.8%
Pakistan
Inzamam-ul-Haq
82.8%
England
Alec Stewart
82.8%
India/
ICC
Virender Sehwag
82.8%
Country
% Correct
Pakistan
Javed Miandad
81%
Australia
Don Bradman
81%
India
Kapil Dev
81%
West Indies
Gordon Greenidge
79.3%
Australia
David Boon
79.3%
England
Ian Bell
79.3%
England
Mike Atherton
77.6%
West Indies
Clive Lloyd
77.6%
New Zealand
Stephen Fleming
77.6%
Sri Lanka
Sanath Jayasuriya
75.9%
West Indies
Chris Gayle
75.9%
England
Ian Botham
75.9%
West Indies
Garfield Sobers
74.1%
West Indies
Desmond Haynes
74.1%
England
Michael Vaughan
74.1%
Australia
Adam Gilchrist
74.1%
New Zealand
Martin Crowe
74.1%
South Africa
Gary Kirsten
72.4%
India
Sourav Ganguly
72.4%
Australia
Greg Chappell
72.4%
Sri Lanka
Aravinda de Silva
72.4%
Australia
Michael Clarke
72.4%
Australia
Ian Chappell
72.4%
England
Colin Cowdrey
70.7%
West Indies
Ramnaresh Sarwan
69%
Pakistan
Mohammad Yousuf
67.2%
England
Len Hutton
65.5%
South Africa
Herschelle Gibbs
65.5%
Country
% Correct
South Africa/
ICC
Mark Boucher
65.5%
England
Nasser Hussain
63.8%
South Africa
AB de Villiers
63.8%
England
Wally Hammond
62.1%
West Indies
Richie Richardson
62.1%
England
Marcus Trescothick
62.1%
England
Jack Hobbs
62.1%
Australia
Michael Slater
62.1%
Sri Lanka
Tillakaratne Dilshan
62.1%
England
Graham Thorpe
60.3%
England
Dennis Compton
60.3%
Sri Lanka
Arjuna Ranatunga
58.6%
West Indies
Carl Hooper
56.9%
Australia
Mike Hussey
56.9%
Sri Lanka
Marvan Atapattu
55.2%
England
Ken Barrington
53.4%
India
Mohammad Azharuddin
50%
Sri Lanka
Thilan Samaraweera
50%
Australia
Neil Harvey
44.8%
India
Dilip Vengsarkar
43.1%
West Indies
Rohan Kanhai
41.4%
Pakistan
Saleem Malik
41.4%
New Zealand
John Wright
41.4%
England
John Edrich
41.4%
Pakistan
Zaheer Abbas
36.2%
India
Gundappa Viswanath
32.8%
Australia
Doug Walters
32.8%
Australia
Bill Lawry
29.3%
Quiz Playlist
Details
Report
Send in Message
Add To Playlist
More Info:
Name the Test cricketers who have scored more than 5,000 runs
Classic:
Type in answers that appear in a list
Last Updated: Feb 16, 2017
Quiz Scoreboard
CHALLENGE
Sign Up to Join the Scoreboard
Show All
Scores
Hide
Comments
May contain spoilers
Recently Published
Movies - When Are They Set?
by FPL_Elf
Movies
5m
Popular People in 1961
by mucciniale
History
6m
1-10 Letter E Words III
by El_Dandy
Language
2m
More to Explore
Quiz From the Vault
Featured Blog Post
Where Did the Easter Bunny Come From?
hide this ad
You Might Also Like...
Tags
Country Quiz
run
test
Top Test
Today's Top Quizzes in Sports
Browse Sports
hide this ad
Today's Top Quizzes in Country
Browse Country
Top Contributed Quizzes in Sports
1
Les meilleurs buteurs des matchs entre le PSG et l’OM
2
FIFA Club World Cup Champions
3
Les entraîneurs de l'OM et du PSG au 21e siècle
4
2022 World Cup Stars
5
Name the Premier League winners with different clubs
6
La finale Lions - Afrique du Sud 2021
7
Criteria MLB: Left Handed Sluggers
8
Les joueurs passés par le LOSC et le RC Lens
9
Players with Multiple 50 Home Run Seasons
10
MLB Players with Two .350 Batting Average Seasons
Explore More
Trending Topics
Disney
Kpop
Harry Potter
NBA
Marvel
Anime
Crossword
Soccer
Pokémon
WWE
The Office
NFL
Song
Country
Puzzle
hide this ad
More By:
ateweston85
Quiz
Plays
Rating
Category
Featured
Created
Premier League Hattricks
8,621
4.86
Sports
Nov 22, 2012
Player and Manager in Premier League
5,752
4.55
Sports
Oct 27, 2012
WhatCulture Top 100 WWE Matches
5,600
4.18
Sports
Nov 4, 2016
Serie A Champions XI
4,819
4.47
Sports
Feb 26, 2013
England Test Cricket Records
4,633
4.78
Sports
Jul 3, 2012
Go to Creator's Profile
Score Distribution
Quiz Creator Spotlight
ateweston85
Follow
Send a Message
Quizzes Created
-
Created Quiz Play Count
-
More By This Creator
Popular Quizzes Today
1
Find the US States - No Outlines Minefield
2
Find the Countries of Europe - No Outlines Minefield
3
The Countries of the World
4
Popular People in 1961
5
1-10 Letter E Words III
6
US States
7
Find the US States
8
One Thing in Common: World Cities II
More Sports Quizzes
Every Arsenal Premier League Goalscorer (2023)
Quiz Lab
Trending Quizzes
Risky Map Clicking: Least Populous States A-Z
1-10 Letter F Words
Humor Books: The Subtitles
1-10 Letter G Words
One Thing in Common: United Kingdom
Recently Updated
Leaping Animals
pecheneg
Reality TV Shows (A-Z)
bhenderson79
Rickey Henderson's Hall of Fame Teammates
pecheneg
Champions League XIs: Arsenal
pecheneg
Quick Pick: Celebrities in WWE's Hall of Fame
aduchscher
A-Z Keypad Blitz II
pecheneg
Multiple Oscar Actors
pecheneg
Mystery Phrase Blitz: Oscar 'Best Actors'
pecheneg
F. Scott Fitzgerald Novels
LTH
Pick 3 Villains
ddd62291
Trending Topics
NBA
Disney
Anime
Kpop
Crossword
Marvel
Harry Potter
Pokémon
Puzzle
Country
NFL
The Office
WWE
Soccer
Song
Your Account Isn't Verified!
In order to create a playlist on Sporcle, you need to verify the email address you used during registration. Go to your
Sporcle Settings
to finish the process.
Report this User
Report this user for behavior that violates our
Community Guidelines
.
Details:
Send Report
Go to the Sporcle.com Mobile Site →
Comments